[Event "Belgrade-chT Quality"]
[Site "Belgrade"]
[Date "2015.10.11"]
[Round "4"]
[White "Stesevic, Luka"]
[Black "Ugrcic, Zoran"]
[Result "0-1"]
[WhiteElo "1553"]
[BlackElo "2006"]
[PlyCount "120"]
[EventDate "2015.10.03"]
[EventType "team-tourn"]
[EventRounds "11"]
[EventCountry "SRB"]
[SourceTitle "EXT 2018"]
[Source "ChessBase"]
[SourceDate "2017.10.13"]
[SourceVersion "1"]
[SourceVersionDate "2017.10.13"]
[SourceQuality "1"]

1. Nf3 f5 2. d3 Nf6 3. e4 d6 4. exf5 Bxf5 5. Nc3 e5 6. d4 Nbd7 7. d5 Be7 8. Nh4 Bg4 9. f3 Bh5 10. Nf5 0-0 11. Ng3 Bf7 12. Be3 c5 13. Qd2 Nb6 14. Rd1 Nfxd5 15. Nxd5 Nxd5 16. Bc4 Nxe3 17. Bxf7+ Rxf7 18. Qxe3 Qc7 19. 0-0 Rd8 20. Rfe1 Bh4 21. Qe4 Bxg3 22. hxg3 Rf6 23. Qd5+ Qf7 24. Qxf7+ Kxf7 25. Rxe5 b6 26. Re3 d5 27. Red3 Rfd6 28. Kf2 Ke6 29. Re1+ Kd7 30. Rde3 Kc6 31. a4 R8d7 32. Re8 d4 33. R1e5 d3 34. cxd3 Rxd3 35. R8e6+ Kc7 36. Re3 Rd2+ 37. Re2 R2d6 38. Rxd6 Rxd6 39. b3 Kc6 40. f4 a6 41. Re3 b5 42. axb5+ axb5 43. Kf3 c4 44. bxc4 bxc4 45. Rc3 Kd5 46. Ke3 Rg6 47. Kf3 Kd4 48. Rc1 Re6 49. Rd1+ Kc5 50. Rd8 c3 51. Rc8+ Kb4 52. Rb8+ Ka3 53. Rc8 Kb2 54. Rb8+ Kc1 55. Rc8 c2 56. Rc7 g6 57. Rxh7 Rc6 58. Rh1+ Kd2 59. g4 Rc3+ 60. Ke4 Re3+ 0-1

[Event "SRB-ch U12"]
[Site "Vrbas"]
[Date "2015.04.12"]
[Round "5"]
[White "Mijatovic, Dusan"]
[Black "Stesevic, Luka"]
[Result "1/2-1/2"]
[WhiteElo "1630"]
[BlackElo "1510"]
[PlyCount "57"]
[EventDate "2015.04.09"]
[EventType "swiss"]
[EventRounds "9"]
[EventCountry "SRB"]
[SourceTitle "EXT 2016"]
[Source "ChessBase"]
[SourceDate "2015.10.08"]
[SourceVersion "1"]
[SourceVersionDate "2015.10.08"]
[SourceQuality "1"]

1. e4 e5 2. Nf3 Nc6 3. Bb5 a6 4. Bxc6 dxc6 5. 0-0 Bd6 6. d4 Bg4 7. dxe5 Bxf3 8. Qxf3 Bxe5 9. Qb3 Rb8 10. Nd2 Nf6 11. Nf3 Qe7 12. Nxe5 Qxe5 13. Be3 Ng4 14. f4 Qh5 15. h3 Nxe3 16. Qxe3 0-0 17. Rad1 Rbd8 18. Rd3 Rd6 19. Rfd1 Rfd8 20. Qa7 Qxd1+ 21. Rxd1 Rxd1+ 22. Kh2 h6 23. Qxb7 Rc1 24. Qxc7 Rd2 25. Qc8+ Kh7 26. Qf5+ Kg8 27. Qc8+ Kh7 28. Qf5+ Kg8 29. Qc8+ 1/2-1/2